Select the South American Country - Statistics

General Stats
  • This quiz has been taken 162 times
  • The average score is 10 of 12
Answers on the Map
Answers color-coded by a green-red scale on the quiz's map according to % correct below.
 
Answer Stats
Answer % Correct
Argentina
95%
Brazil
95%
Chile
94%
Venezuela
90%
Colombia
86%
Peru
85%
Uruguay
83%
Paraguay
80%
Bolivia
78%
Ecuador
78%
Guyana
77%
Suriname
68%
No matching quizzes found
Score Distribution
Percent of People with Each Score
Percentile by Number Answered
Your Score History
You have not taken this quiz